Fundamentos de Química

Bewaard in:
Bibliografische gegevens
Hoofdauteur: Burns, Ralph A (Auteur)
Formaat: Boek
Taal:Spaans
Gepubliceerd in: Cuernavaca Pearson Educación S. A 2011
Editie:5a. ed
Onderwerpen:
Tags: Voeg label toe
Geen labels, Wees de eerste die dit record labelt!

MARC

LEADER 00000cam a2200000 a 4500
001 UCC7377
003 CL-VaPUC
008 190322e20110000mx |||||||||||||||||spa|d
020 |a 9786073206839 
082 0 4 |a 540  |b BUR  |2 21 
100 0 |a Burns, Ralph A  |e author  |9 601980 
245 1 0 |a Fundamentos de Química 
250 |a 5a. ed 
300 |a 739 p 
942 |c BK 
945 |d 20190322 14:57:00  |a dcastane 
260 |a Cuernavaca  |b Pearson Educación S. A  |c 2011 
650 7 |a QUIMICA GENERAL  |2 CL-VaPUC  |9 601981 
650 0 |a Propiedades químicas   |9 345805 
650 7 |a ELEMENTOS QUIMICOS  |2 CL-VaPUC  |9 306895 
583 |a last modification  |c 20190322 14:57:00  |k Rodrigo Vera 
999 |c 374041  |d 374039 
952 |0 0  |1 0  |3 erb  |4 0  |6 540_000000000000000_BUR_2011  |7 0  |8 A  |9 492398  |a BIBING  |b BIBING  |i 5540070  |l 1  |m 1  |o 540 BUR 2011  |p 5540070  |r 2025-01-20  |s 2024-10-21  |w 2019-11-24  |y BK  |z Catalogado en:20190322  |k ING